000 00402nam a22001337a 4500
008 240902b |||||||| |||| 00| 0 eng d
020 _a9788172248574
_qpbk
082 _a650.1
_bRYE
100 _aRye, David E.
245 _a1001 Ways to Inspire
_byour organization, your team and yourself
_cDavid E. Rye
260 _aMumbai
_bJaico Publishing House
_c2010
300 _a271
_c23 cm.
942 _cENGLISH
999 _c557359
_d557359